| 000 | 01077cam a22001934a 4500 | ||
|---|---|---|---|
| 005 | 20250605164103.0 | ||
| 008 | 250528s ||||||||||||||||||||||||d | ||
| 035 | _a17635 | ||
| 020 | _a9789605610661 | ||
| 040 |
_aGR-AtMCL _bgre _dGR-AtMCL _eAACR2 |
||
| 245 | 1 | _aΑθήνα / Ιστορικά Μνημεία της Ελλάδας: Αρχαία Ελλάδα | |
| 260 |
_bΣελένα Εκδοτική Α. Ε, _c2013 |
||
| 300 | _a72 | ||
| 520 | _a'Ανοιχτό Μουσείο'' θα μπορούσε να χαρακτηρίσει κανείς το ιστορικό κέντρο της Αθήνας. National Geographic. Εισαγωγικό Σημείωμα, Η Αγορά των Αθηνών, Εμπόριο και Οικονομία, Κεραμεικός, Ρωμαϊκή Αγορά και Βιβλιοθήκη Αδριανού, Ναός Ολύμπίου Διός και άλλα Μνημεία, Σούνιο και Λαύριο, Βιβλιογραφία. | ||
| 700 | 1 |
_aΚοπελιάδης Γιώργος _93825 |
|
| 942 | _cBK | ||
| 999 |
_c3037 _d3037 |
||